000 00355nam a2200145Ia 4500
008 230917s9999||||xx |||||||||||||| ||und||
040 _e61647
_aMAIN
041 _aEnglish
082 _a843.5 S42W:S
100 _aWakefield, David
245 0 _aStendhal: the promise of happiness
260 _aBedford
_bNewstead
_c1984
300 _a198 p.
942 _cBK
999 _c55402
_d55402